[Event "Open A"]
[Site "Venezia ITA"]
[Date "1996.11.??"]
[Round "1"]
[White "Rossi, Carlo"]
[Black "Gibellato, Francesco"]
[Result "1-0"]
[WhiteElo "2320"]
[BlackElo "2135"]
[PlyCount "133"]
[EventDate "1996.11.01"]

1. e4 e5 2. Nf3 Nc6 3. Be2 Nf6 4. d3 Be7 5. O-O O-O 6. c3 d5 7. Nbd2 Bg4 8. h3
Bh5 9. Re1 Qd7 10. b4 dxe4 11. dxe4 Bxf3 12. Bxf3 a5 13. b5 Na7 14. a4 c6 15.
b6 Nc8 16. Nc4 Qe6 17. Qe2 Bc5 18. Ba3 Qe7 19. Qe3 Bxa3 20. Rxa3 Nd7 21. Raa1
Ra6 22. Reb1 Rd8 23. Bg4 Nf6 24. Bxc8 Rxc8 25. Rd1 Raa8 26. Rd6 Ne8 27. Rd2 h6
28. Rad1 Nf6 29. Kh2 Rf8 30. f3 Rfe8 31. Nd6 Nd5 32. Rxd5 cxd5 33. Nxe8 d4 34.
cxd4 exd4 35. Rxd4 Rxe8 36. Rd5 Qb4 37. Qc5 Qxc5 38. Rxc5 Re6 39. Rxa5 Rxb6 40.
Ra8+ Kh7 41. Rb8 f6 42. h4 h5 43. Kg3 Ra6 44. Rxb7 Rxa4 45. Kf4 Kg6 46. Re7 Rb4
47. g4 hxg4 48. Kxg4 f5+ 49. Kf4 Kf6 50. Ra7 fxe4 51. fxe4 Rc4 52. h5 g5+ 53.
hxg6 Kxg6 54. Ke5 Rc1 55. Ke6 Re1 56. e5 Re2 57. Kd6 Rd2+ 58. Ke6 Re2 59. Ra1
Rb2 60. Rg1+ Kh7 61. Kf6 Rf2+ 62. Ke7 Rc2 63. e6 Re2 64. Kf7 Rf2+ 65. Ke8 Re2
66. e7 Re3 67. Rd1 1-0

[Event "Open A"]
[Site "Venezia ITA"]
[Date "1996.11.??"]
[Round "1"]
[White "Solinas, Carlo"]
[Black "Simoli, Sergio"]
[Result "0-1"]
[WhiteElo "1949"]
[BlackElo "2168"]
[PlyCount "67"]
[EventDate "1996.11.01"]

1. e4 d6 2. d4 Nf6 3. Nc3 Nbd7 4. f4 c6 5. e5 Nd5 6. Qf3 N7b6 7. a3 Bf5 8. Ne4
Qd7 9. Bd3 O-O-O 10. Ne2 Kb8 11. h3 g6 12. Bd2 Bg7 13. a4 Bxe4 14. Qxe4 f5 15.
Qf3 Nc7 16. a5 Nc8 17. a6 b6 18. O-O e6 19. exd6 Nxd6 20. c4 Nce8 21. Bc3 Nf6
22. Ng3 Nf7 23. Rfe1 Rhe8 24. Rad1 h5 25. d5 exd5 26. Be5+ Nxe5 27. fxe5 Nh7
28. Qf4 Qc7 29. Nxf5 Bxe5 30. Qh6 gxf5 31. Bxf5 Nf6 32. cxd5 Nxd5 33. Qxh5 Rf8
34. Bg4 0-1

[Event "Open A"]
[Site "Venezia ITA"]
[Date "1996.11.??"]
[Round "2"]
[White "Gibellato, Francesco"]
[Black "Boscolo, Max"]
[Result "1/2-1/2"]
[WhiteElo "2135"]
[BlackElo "1900"]
[PlyCount "25"]
[EventDate "1996.11.01"]

1. d4 Nf6 2. Nf3 g6 3. e3 Bg7 4. Be2 O-O 5. O-O d6 6. c4 Nbd7 7. Qc2 c6 8. Rd1
Qc7 9. b3 b6 10. Ba3 Bb7 11. Nc3 Rac8 12. Rac1 Rfe8 13. h3 1/2-1/2

[Event "Open A"]
[Site "Venezia ITA"]
[Date "1996.11.??"]
[Round "2"]
[White "Giuriati, Paolo"]
[Black "Pastres, Roberto"]
[Result "1/2-1/2"]
[WhiteElo "2131"]
[BlackElo "2215"]
[PlyCount "62"]
[EventDate "1996.11.01"]

1. d4 f5 2. Nf3 Nf6 3. c4 g6 4. e3 Bg7 5. Nbd2 O-O 6. Qc2 d6 7. b3 Qe8 8. Bb2
Nc6 9. Be2 e5 10. dxe5 dxe5 11. O-O e4 12. Nd4 Ne5 13. c5 Qe7 14. c6 Nd5 15.
Bc4 Nxc4 16. Qxc4 Qf7 17. Rac1 b6 18. b4 a5 19. b5 Nb4 20. a4 Nd3 21. Rc2 Nxb2
22. Rxb2 Be6 23. Nxe6 Bxb2 24. Nxf8 Rxf8 25. Qxf7+ Kxf7 26. Nc4 Bf6 27. Rd1 Rd8
28. Ne5+ Ke6 29. Nd7 Be7 30. Kf1 Bd6 31. Ke2 Re8 1/2-1/2

[Event "Open A"]
[Site "Venezia ITA"]
[Date "1996.11.??"]
[Round "2"]
[White "Mora, Federico"]
[Black "Cristiani, Cesare"]
[Result "1/2-1/2"]
[WhiteElo "2335"]
[BlackElo "2025"]
[PlyCount "86"]
[EventDate "1996.11.01"]

1. e4 e5 2. Nc3 Nf6 3. Bc4 Nc6 4. d3 Bc5 5. f4 d6 6. Nf3 Bg4 7. h3 Bxf3 8. Qxf3
exf4 9. Bb5 O-O 10. Bxc6 bxc6 11. Na4 Nd7 12. Bxf4 Bd4 13. c3 Be5 14. O-O c5
15. Rad1 Bxf4 16. Qxf4 Ne5 17. d4 Ng6 18. Qc1 Qd7 19. Qc2 c4 20. b3 cxb3 21.
axb3 Rfe8 22. c4 Qc6 23. Nc3 Rab8 24. Nd5 Qb7 25. Rb1 c6 26. Nc3 Qb6 27. Qf2
Re7 28. Rfd1 Reb7 29. Rd3 Qa5 30. Nd1 Qg5 31. Rf3 Qe7 32. Re3 Qg5 33. Qf3 c5
34. dxc5 Qxc5 35. Qf2 Ne5 36. Rc3 a5 37. Qxc5 dxc5 38. Ra1 Rxb3 39. Rxb3 Rxb3
40. Rxa5 f6 41. Rxc5 Rb1 42. Rd5 Nxc4 43. Kh2 Ne5 1/2-1/2

[Event "Open A"]
[Site "Venezia ITA"]
[Date "1996.11.??"]
[Round "2"]
[White "Mordiglia, Riccardo"]
[Black "Redo, Nicola"]
[Result "1-0"]
[WhiteElo "2100"]
[BlackElo "2190"]
[PlyCount "102"]
[EventDate "1996.11.01"]

1. d4 Nf6 2. Nc3 d5 3. e4 dxe4 4. f3 exf3 5. Nxf3 e6 6. Bg5 Be7 7. Qd2 c6 8.
Bd3 Nbd7 9. O-O-O Qa5 10. Qf4 a6 11. Kb1 h6 12. Qh4 b5 13. Ne5 Rf8 14. Bd2 b4
15. Ne2 Nxe5 16. dxe5 Qxe5 17. Bxb4 Rb8 18. Bc3 Qc7 19. Qa4 Nd5 20. Ba5 Qb7 21.
b3 Bd7 22. Bd2 a5 23. Qg4 Bf6 24. Qa4 Be7 25. Qg4 Bf6 26. Qa4 Nb6 27. Qxa5 Ra8
28. Qb4 Qa7 29. Nc1 Nd5 30. Qd6 Be7 31. Qe5 Ba3 32. Qa1 Ke7 33. Rde1 Rfb8 34.
Rhf1 f6 35. Be4 Rf8 36. Nd3 Bd6 37. c4 Nc7 38. Be3 Qa5 39. g3 Na6 40. Nf4 Kf7
41. Ng6 Nc5 42. Bxc5 Qxc5 43. Nxf8 Kxf8 44. Qb2 Be5 45. Qd2 Be8 46. g4 Qa3 47.
Bxc6 Rd8 48. Qc2 Bg6 49. Be4 Bf7 50. Rd1 Rc8 51. Rd2 Be8 1-0

[Event "Open A"]
[Site "Venezia ITA"]
[Date "1996.11.??"]
[Round "2"]
[White "Mosca, Leonildo"]
[Black "Solinas, Carlo"]
[Result "1-0"]
[WhiteElo "1948"]
[BlackElo "1949"]
[PlyCount "81"]
[EventDate "1996.11.01"]

1. d4 Nf6 2. Nf3 g6 3. c3 Bg7 4. Nbd2 d5 5. e3 O-O 6. Bd3 c5 7. O-O Nc6 8. Qe2
Re8 9. dxc5 e5 10. e4 d4 11. cxd4 exd4 12. Nc4 Bf8 13. Bg5 Be7 14. e5 Nd5 15.
Nd6 Be6 16. Nxe8 Qxe8 17. Bxe7 Qxe7 18. Rac1 Rd8 19. Qd2 Bg4 20. Be4 d3 21.
Qxd3 Nf4 22. Qe3 g5 23. Bxc6 bxc6 24. Rfd1 Rb8 25. b3 Nd5 26. Rxd5 cxd5 27.
Qxg5+ Qxg5 28. Nxg5 Bd7 29. Nf3 Kf8 30. c6 Rc8 31. Nd4 Ke7 32. b4 f6 33. f4
fxe5 34. fxe5 Be8 35. b5 Bg6 36. a4 Bd3 37. a5 Bc4 38. b6 axb6 39. axb6 Ba6 40.
Ra1 Ra8 41. Nb5 1-0

[Event "Open A"]
[Site "Venezia ITA"]
[Date "1996.11.??"]
[Round "2"]
[White "Rossato, Armando"]
[Black "Ferretti, Folco"]
[Result "0-1"]
[WhiteElo "1920"]
[BlackElo "2290"]
[PlyCount "110"]
[EventDate "1996.11.01"]

1. d4 Nf6 2. Nf3 d5 3. e3 Bg4 4. c4 dxc4 5. Bxc4 e6 6. Qb3 Bxf3 7. gxf3 Nbd7 8.
Bd2 Nb6 9. Na3 Nxc4 10. Nxc4 Qd5 11. O-O-O Qxf3 12. d5 O-O-O 13. Bc3 Nxd5 14.
Bd4 c5 15. Be5 f6 16. Bg3 Be7 17. Qa4 a6 18. e4 Nf4 19. Nb6+ Kb8 20. Nd7+ Ka7
21. Kb1 e5 22. Rhe1 Qg4 23. Bxf4 exf4 24. Rd5 b5 25. Qd1 Qxd1+ 26. Rexd1 c4 27.
f3 Rc8 28. Rg1 g6 29. Kc2 Rhd8 30. Rgd1 b4 31. h3 Kb7 32. R1d4 g5 33. a4 bxa3
34. bxa3 Bxa3 35. Nxf6 Rxd5 36. Rxd5 h6 37. Rf5 Rc5 38. Nd5 Rb5 39. Rf7+ Kc6
40. Rc7+ Kd6 41. Rxc4 Rb2+ 42. Kd1 a5 43. Ra4 Bb4 44. Nxb4 axb4 45. Ra6+ Ke5
46. Rxh6 Rf2 47. Rg6 Rxf3 48. Rxg5+ Kxe4 49. Rb5 Kd3 50. Ke1 Kc4 51. Rf5 b3 52.
Ke2 Rxh3 53. Rxf4+ Kc3 54. Rf8 b2 55. Rc8+ Kb3 0-1

[Event "Open A"]
[Site "Venezia ITA"]
[Date "1996.11.??"]
[Round "2"]
[White "Santolini, Luigi"]
[Black "Bianchi, Andrea"]
[Result "1/2-1/2"]
[WhiteElo "2235"]
[BlackElo "2012"]
[PlyCount "74"]
[EventDate "1996.11.01"]

1. d4 d5 2. c4 e6 3. Nc3 Be7 4. Nf3 Nf6 5. Bf4 c5 6. e3 O-O 7. cxd5 exd5 8.
dxc5 Bxc5 9. Bg5 Be6 10. Qc2 Nc6 11. Rd1 d4 12. Bb5 Nb4 13. Qb1 Bg4 14. a3 Nbd5
15. exd4 Nxc3 16. bxc3 Bxa3 17. Be2 b6 18. O-O h6 19. Bh4 Rc8 20. Qb3 Be7 21.
Rfe1 Nd5 22. Bxe7 Nxe7 23. Ne5 Bxe2 24. Rxe2 Nf5 25. Rde1 Qc7 26. Ng6 Rfd8 27.
Ne7+ Nxe7 28. Rxe7 Qc4 29. Qxc4 Rxc4 30. Re8+ Rxe8 31. Rxe8+ Kh7 32. Re3 b5 33.
Kf1 a5 34. Ke2 b4 35. cxb4 axb4 36. Rd3 b3 37. Rxb3 Rxd4 1/2-1/2

[Event "Open A"]
[Site "Venezia ITA"]
[Date "1996.11.??"]
[Round "2"]
[White "Simoli, Sergio"]
[Black "Guid, Matej"]
[Result "0-1"]
[WhiteElo "2168"]
[BlackElo "2155"]
[PlyCount "70"]
[EventDate "1996.11.01"]

1. Nf3 Nf6 2. g3 g6 3. b3 Bg7 4. Bb2 O-O 5. Bg2 d6 6. O-O e5 7. d3 Nc6 8. c4 h6
9. a3 a5 10. Nc3 Be6 11. e4 Qd7 12. Qc2 Bh3 13. Nd5 Bxg2 14. Kxg2 Nh5 15. b4
axb4 16. axb4 Rxa1 17. Rxa1 f5 18. Nh4 fxe4 19. dxe4 Kh7 20. b5 Nd8 21. Qd1 c6
22. bxc6 bxc6 23. Nb6 Qb7 24. c5 dxc5 25. Nc4 Qf7 26. Qe2 Ne6 27. Nxe5 Nef4+
28. gxf4 Nxf4+ 29. Kf1 Bxe5 30. Qd2 Bxb2 31. Qxb2 Qc4+ 32. Kg1 Nh3+ 33. Kg2
Rxf2+ 34. Qxf2 Nxf2 35. Ra7+ Kg8 0-1

[Event "Open A"]
[Site "Venezia ITA"]
[Date "1996.11.??"]
[Round "3"]
[White "Boscolo, Max"]
[Black "Mosca, Leonildo"]
[Result "1/2-1/2"]
[WhiteElo "1900"]
[BlackElo "1948"]
[PlyCount "100"]
[EventDate "1996.11.01"]

1. d4 d5 2. c4 Bf5 3. Nf3 e6 4. g3 Nf6 5. Nc3 Nc6 6. a3 h6 7. Bg2 Be7 8. O-O
O-O 9. Ne5 Nxe5 10. dxe5 Ng4 11. cxd5 exd5 12. Nxd5 c6 13. Ne3 Nxe3 14. Qxd8
Rfxd8 15. Bxe3 Kf8 16. Rac1 a6 17. Rfd1 Rxd1+ 18. Rxd1 Rd8 19. Rxd8+ Bxd8 20.
Bd4 Be6 21. Kf1 Ke8 22. Ke1 Kd7 23. Kd2 g6 24. f4 b6 25. b4 h5 26. e4 Kc7 27.
Bf1 Kb7 28. Kc3 Be7 29. Bc4 a5 30. Bxe6 fxe6 31. Kc4 axb4 32. axb4 b5+ 33. Kc3
Kc7 34. h3 Kd7 35. Bb6 Ke8 36. Bc7 Kf7 37. Bd6 Bd8 38. Kd4 Bb6+ 39. Bc5 Bc7 40.
g4 hxg4 41. hxg4 Bd8 42. Kd3 Bc7 43. Bd6 Bb6 44. Ke2 Bd8 45. Kf3 Bb6 46. g5 Bd8
47. Kg4 Bb6 48. f5 Be3 49. f6 Bd4 50. Kf3 Bb6 1/2-1/2

[Event "Open A"]
[Site "Venezia ITA"]
[Date "1996.11.??"]
[Round "3"]
[White "Cristiani, Cesare"]
[Black "Giuriati, Paolo"]
[Result "1/2-1/2"]
[WhiteElo "2025"]
[BlackElo "2131"]
[PlyCount "30"]
[EventDate "1996.11.01"]

1. f4 Nf6 2. Nf3 d5 3. g3 g6 4. Bg2 Bg7 5. O-O O-O 6. d3 c5 7. c3 b6 8. e4 e6
9. exd5 exd5 10. c4 Bb7 11. Ne5 Qc8 12. Qf3 Nc6 13. Nc3 Nd4 14. Qf2 dxc4 15.
dxc4 Bxg2 1/2-1/2

[Event "Open A"]
[Site "Venezia ITA"]
[Date "1996.11.??"]
[Round "3"]
[White "Guid, Matej"]
[Black "Mordiglia, Riccardo"]
[Result "1-0"]
[WhiteElo "2155"]
[BlackElo "2100"]
[PlyCount "51"]
[EventDate "1996.11.01"]

1. d4 b6 2. e4 Bb7 3. Bd3 e6 4. Nf3 c5 5. c3 Nf6 6. Qe2 Be7 7. O-O Nc6 8. Nbd2
cxd4 9. cxd4 Nb4 10. Bb5 Rc8 11. a3 Nc2 12. Ra2 g5 13. Qd3 g4 14. Ne5 Qc7 15.
Ba4 b5 16. Bxb5 Qd6 17. Nec4 Qxd4 18. Qxc2 Rc5 19. Nb3 Bxe4 20. Nxd4 Bxc2 21.
b4 Rxb5 22. Nxb5 Bb3 23. Nbd6+ Bxd6 24. Nxd6+ Ke7 25. Rb2 Ba4 26. Bg5 1-0

[Event "Open A"]
[Site "Venezia ITA"]
[Date "1996.11.??"]
[Round "3"]
[White "Pastres, Roberto"]
[Black "Simoli, Sergio"]
[Result "1-0"]
[WhiteElo "2215"]
[BlackElo "2168"]
[PlyCount "74"]
[EventDate "1996.11.01"]

1. d4 Nf6 2. c4 e6 3. Nc3 Bb4 4. e3 O-O 5. Nge2 b6 6. a3 Bxc3+ 7. Nxc3 Bb7 8.
d5 exd5 9. cxd5 Re8 10. Be2 c5 11. O-O d6 12. f4 a6 13. a4 Nbd7 14. b3 Ne4 15.
Nxe4 Rxe4 16. Bd3 Re8 17. e4 Nf6 18. Bb2 Nxe4 19. Qg4 f6 20. Rfe1 Bc8 21. Qf3
f5 22. Bxe4 fxe4 23. Rxe4 Bf5 24. Qg3 Ra7 25. Rxe8+ Qxe8 26. Re1 Qg6 27. Qh4
Rd7 28. Re3 Be4 29. Rg3 Qe8 30. Qg5 Bg6 31. h3 Rf7 32. h4 Rf5 33. Qg4 Qe4 34.
h5 Qe1+ 35. Kh2 Rxh5+ 36. Rh3 Rxh3+ 37. Qxh3 Qe8 1-0

[Event "Open A"]
[Site "Venezia ITA"]
[Date "1996.11.??"]
[Round "3"]
[White "Rossi, Carlo"]
[Black "Mora, Federico"]
[Result "1/2-1/2"]
[WhiteElo "2320"]
[BlackElo "2335"]
[PlyCount "72"]
[EventDate "1996.11.01"]

1. Nf3 c5 2. g3 Nc6 3. Bg2 g6 4. O-O Bg7 5. e4 d6 6. c3 Bg4 7. h3 Bxf3 8. Qxf3
Nf6 9. Qe2 O-O 10. Na3 Rc8 11. Nc4 Nd7 12. a4 Nb6 13. Ne3 a5 14. Qb5 e6 15. Ra3
Rb8 16. Rb3 Nd7 17. f4 Kh8 18. Qe2 Qc7 19. h4 f5 20. h5 Nf6 21. hxg6 hxg6 22.
d3 Rbd8 23. g4 fxe4 24. dxe4 d5 25. exd5 exd5 26. g5 Nh5 27. Nxd5 Qf7 28. Qc4
Ng3 29. Re1 Rfe8 30. Re3 Rxe3 31. Bxe3 Qf5 32. Rxb7 Qb1+ 33. Kh2 Qe1 34. Qxc5
Ne5 35. Qe7 Rg8 36. fxe5 Nf5 1/2-1/2

[Event "Open A"]
[Site "Venezia ITA"]
[Date "1996.11.??"]
[Round "3"]
[White "Solinas, Carlo"]
[Black "Rossato, Armando"]
[Result "1/2-1/2"]
[WhiteElo "1949"]
[BlackElo "1920"]
[PlyCount "88"]
[EventDate "1996.11.01"]

1. e4 Nf6 2. e5 Nd5 3. Nc3 c6 4. Qf3 e6 5. Nh3 Be7 6. Qg3 O-O 7. d4 f5 8. exf6
Bxf6 9. Bd3 Nxc3 10. bxc3 e5 11. O-O e4 12. Bxe4 d5 13. Bd3 Bh4 14. Bg5 Bxg3
15. Bxd8 Bxh2+ 16. Kxh2 Bxh3 17. Kxh3 Rxd8 18. Rfe1 Nd7 19. Re7 Rab8 20. Bf5
Nf6 21. Rb1 b5 22. Rxa7 Ra8 23. Rc7 Rd6 24. Re1 Ne8 25. Rb7 Rh6+ 26. Kg3 Nd6
27. Be6+ Rxe6 28. Rxe6 Nxb7 29. Rxc6 Rd8 30. Rc7 Nd6 31. f3 Nc4 32. Kf4 Kf8 33.
Rc5 Ke7 34. Rxb5 Rf8+ 35. Kg3 Ke6 36. f4 g6 37. Kf3 Rf7 38. g4 Nd6 39. Rb6 h5
40. g5 Rc7 41. Rb3 h4 42. Kg4 Rh7 43. Kh3 Kf5 44. Rb6 Ne4 1/2-1/2

[Event "Open A"]
[Site "Venezia ITA"]
[Date "1996.11.??"]
[Round "4"]
[White "Bianchi, Andrea"]
[Black "Rossi, Carlo"]
[Result "1/2-1/2"]
[WhiteElo "2012"]
[BlackElo "2320"]
[PlyCount "121"]
[EventDate "1996.11.01"]

1. e4 Nc6 2. Nf3 d6 3. d4 Nf6 4. Bd3 Bg4 5. c3 e6 6. Be3 d5 7. Nbd2 Be7 8. O-O
Bh5 9. exd5 Nxd5 10. c4 Nb6 11. Qb3 O-O 12. Rfe1 Bf6 13. Qc3 a5 14. Be4 Qd7 15.
Nb3 Na4 16. Qc2 Bg6 17. Bxg6 hxg6 18. a3 Nb6 19. Nc5 Qc8 20. Rad1 Re8 21. Bg5
a4 22. Re4 Ra5 23. Bxf6 gxf6 24. Qd2 Kg7 25. Rh4 Rh8 26. Rxh8 Qxh8 27. Nxb7 Rh5
28. Qf4 Qc8 29. Nc5 Nxc4 30. Nxa4 Ra5 31. b3 Nxa3 32. Qc1 Nb4 33. Qxa3 Nd5 34.
Rc1 Ra8 35. Qc5 g5 36. Nc3 Nf4 37. Nxg5 fxg5 38. Qxg5+ Ng6 39. h4 Qd8 40. Qxd8
Rxd8 41. Nb5 Rb8 42. Nxc7 Nxh4 43. Rc3 Nf5 44. d5 e5 45. Kf1 Nd4 46. f4 e4 47.
Kf2 Nxb3 48. Ke3 f5 49. g4 fxg4 50. Kxe4 Kf6 51. d6 Nd2+ 52. Kd5 Rd8 53. Ne6
Rxd6+ 54. Kxd6 Ne4+ 55. Kc6 Nxc3 56. Nd4 g3 57. Kc5 g2 58. Nf3 Ne2 59. Kc4 Nxf4
60. Kd4 Nh3 61. Ke3 1/2-1/2

[Event "Open A"]
[Site "Venezia ITA"]
[Date "1996.11.??"]
[Round "4"]
[White "Boscolo, Max"]
[Black "Solinas, Carlo"]
[Result "0-1"]
[WhiteElo "1900"]
[BlackElo "1949"]
[PlyCount "120"]
[EventDate "1996.11.01"]

1. Nf3 Nf6 2. g3 d6 3. d4 g6 4. Bg2 Bg7 5. O-O O-O 6. c4 c6 7. Nc3 Qa5 8. d5
Qb4 9. Nd2 cxd5 10. cxd5 Na6 11. h3 Bd7 12. a3 Qb6 13. Nb3 Nc7 14. Be3 Qa6 15.
Nd4 Rfc8 16. Qd2 Nb5 17. Ndxb5 Bxb5 18. Nxb5 Qxb5 19. Bd4 Qa4 20. Rac1 Ne4 21.
Bxe4 Qxd4 22. Qxd4 Bxd4 23. Rxc8+ Rxc8 24. Rb1 Rc5 25. a4 Rc4 26. Bd3 Rxa4 27.
b4 Bc3 28. b5 Bd4 29. Rb3 f5 30. e3 Bc5 31. Kg2 Kg7 32. Kf3 Kf6 33. Kg2 Ke5 34.
Bc2 Ra2 35. Bd1 Kxd5 36. b6 Kc4 37. bxa7 Rxa7 38. Rb1 b6 39. Bb3+ Kd3 40. Bg8
e5 41. Bd5 Re7 42. Rb3+ Kc2 43. Rb5 g5 44. g4 f4 45. Kf3 fxe3 46. fxe3 Ra7 47.
Ke4 Ra3 48. Kf5 Rxe3 49. Kxg5 Rxh3 50. Be4+ Kc3 51. Kf6 Kd4 52. Bf5 e4 53. Rb1
e3 54. Kg7 Ke5 55. Bxh7 Rxh7+ 56. Kxh7 Kf4 57. Rg1 e2 58. Re1 Kf3 59. g5 Kf2
60. g6 Bd4 0-1

[Event "Open A"]
[Site "Venezia ITA"]
[Date "1996.11.??"]
[Round "4"]
[White "Fabris, Alberto"]
[Black "Guid, Matej"]
[Result "1-0"]
[WhiteElo "2190"]
[BlackElo "2155"]
[PlyCount "75"]
[EventDate "1996.11.01"]

1. d4 Nf6 2. c4 g6 3. Nc3 Bg7 4. e4 d6 5. Nf3 O-O 6. Be2 e5 7. O-O Nc6 8. d5
Ne7 9. Ne1 Nd7 10. f3 f5 11. Be3 f4 12. Bf2 h5 13. a4 g5 14. a5 Nf6 15. c5 Ng6
16. cxd6 cxd6 17. Nb5 g4 18. Nxa7 Bd7 19. Bb6 Qe7 20. Rc1 g3 21. Bb5 gxh2+ 22.
Kh1 Bxb5 23. Nxb5 Qd7 24. Qb3 Rac8 25. Nd3 h4 26. Nf2 Nh5 27. Kxh2 Ng3 28. Rfe1
Bf6 29. Nh3 Rfe8 30. Qb4 Nh8 31. Nxd6 Be7 32. Nxe8 Rxe8 33. Qb3 Bd6 34. Rc2 Kh7
35. Rec1 Rg8 36. Rc7 Nf1+ 37. Kg1 Bc5+ 38. R1xc5 1-0

[Event "Open A"]
[Site "Venezia ITA"]
[Date "1996.11.??"]
[Round "4"]
[White "Mora, Federico"]
[Black "Redo, Nicola"]
[Result "0-1"]
[WhiteElo "2335"]
[BlackElo "2190"]
[PlyCount "64"]
[EventDate "1996.11.01"]

1. e4 c5 2. Nf3 d6 3. Nc3 Nf6 4. e5 dxe5 5. Nxe5 Nbd7 6. d4 g6 7. Bc4 e6 8. Bf4
Nh5 9. Be3 Bg7 10. Ne4 O-O 11. Nxd7 Bxd7 12. Nxc5 Bc6 13. O-O Qd6 14. Be2 Nf4
15. Bf3 Nd5 16. Bc1 b6 17. Ne4 Qc7 18. c3 h6 19. Bd2 Rfd8 20. Qc1 Kh7 21. c4
Ne7 22. Bf4 Qb7 23. Nd6 Rxd6 24. Bxd6 Bxf3 25. gxf3 Nf5 26. Be5 f6 27. Bg3 Nxd4
28. Re1 Nxf3+ 29. Kf1 Nxe1 30. Kxe1 f5 31. Rb1 e5 32. f4 exf4 0-1

[Event "Open A"]
[Site "Venezia ITA"]
[Date "1996.11.??"]
[Round "4"]
[White "Mordiglia, Riccardo"]
[Black "Pastres, Roberto"]
[Result "1/2-1/2"]
[WhiteElo "2100"]
[BlackElo "2215"]
[PlyCount "62"]
[EventDate "1996.11.01"]

1. d4 f5 2. e4 fxe4 3. Nc3 Nf6 4. f3 d5 5. fxe4 dxe4 6. Bg5 Nc6 7. d5 Ne5 8.
Qd4 Nf7 9. Bxf6 exf6 10. Nxe4 f5 11. Nc3 g6 12. Qe3+ Qe7 13. Qxe7+ Bxe7 14.
Bb5+ Bd7 15. Nf3 Bxb5 16. Nxb5 O-O-O 17. O-O-O a6 18. Nc3 Bf6 19. Ne2 Ne5 20.
Nxe5 Bxe5 21. g3 Rhe8 22. Rhe1 c6 23. dxc6 bxc6 24. c3 Rxd1+ 25. Rxd1 Kc7 26.
Rd3 Bd6 27. Kd1 Re4 28. Rf3 Kd7 29. Kd2 c5 30. Nf4 Bxf4+ 31. Rxf4 Rxf4 1/2-1/2

[Event "Open A"]
[Site "Venezia ITA"]
[Date "1996.11.??"]
[Round "4"]
[White "Mosca, Leonildo"]
[Black "Ferretti, Folco"]
[Result "1/2-1/2"]
[WhiteElo "1948"]
[BlackElo "2290"]
[PlyCount "58"]
[EventDate "1996.11.01"]

1. d4 Nf6 2. Nf3 d5 3. e3 c6 4. Bd3 Bg4 5. Nbd2 Nbd7 6. h3 Bh5 7. c3 Qc7 8. O-O
e6 9. e4 dxe4 10. Nxe4 Nxe4 11. Bxe4 Bd6 12. Re1 Nf6 13. Bd3 O-O 14. Bg5 Nd5
15. g4 Bg6 16. Bxg6 hxg6 17. c4 Nf4 18. Bxf4 Bxf4 19. Qe2 Rad8 20. Rad1 Rfe8
21. b3 Bd6 22. Rd3 Bb4 23. Red1 c5 24. dxc5 Bxc5 25. Kg2 Rxd3 26. Qxd3 Qb6 27.
Qd7 Rf8 28. Rd2 Bb4 29. Rd3 Bc5 1/2-1/2

[Event "Open A"]
[Site "Venezia ITA"]
[Date "1996.11.??"]
[Round "4"]
[White "Santolini, Luigi"]
[Black "Giuriati, Paolo"]
[Result "0-1"]
[WhiteElo "2235"]
[BlackElo "2131"]
[PlyCount "58"]
[EventDate "1996.11.01"]

1. e4 e6 2. d4 d5 3. exd5 exd5 4. c4 Nf6 5. Nf3 Nc6 6. Nc3 Bb4 7. c5 Ne4 8. Qb3
Bg4 9. Bb5 Bxc3+ 10. bxc3 Bxf3 11. gxf3 Ng5 12. Be2 Rb8 13. Be3 Ne6 14. O-O O-O
15. Qc2 f5 16. Bd3 f4 17. Bxh7+ Kh8 18. Bd2 Qg5+ 19. Kh1 Qh5 20. Rg1 Qxh7 21.
Qxh7+ Kxh7 22. Rg4 Rf6 23. Re1 Rbf8 24. Kg2 Rh6 25. c4 Rf5 26. cxd5 Rxd5 27.
Bxf4 Rg6 28. Be3 Nexd4 29. Bxd4 Rxd4 0-1

[Event "Open A"]
[Site "Venezia ITA"]
[Date "1996.11.??"]
[Round "4"]
[White "Simoli, Sergio"]
[Black "Cristiani, Cesare"]
[Result "1-0"]
[WhiteElo "2168"]
[BlackElo "2025"]
[PlyCount "99"]
[EventDate "1996.11.01"]

1. e4 e5 2. Nf3 Nf6 3. Nxe5 d6 4. Nf3 Nxe4 5. Qe2 Qe7 6. d3 Nf6 7. Bg5 Qxe2+ 8.
Bxe2 Be7 9. c4 h6 10. Bh4 Nc6 11. Nc3 Bf5 12. O-O g5 13. Bg3 O-O-O 14. Rfe1
Rde8 15. Rad1 Rhg8 16. d4 h5 17. d5 Nb4 18. Nd4 Bd7 19. f3 h4 20. Bf2 Nh5 21.
a3 Na6 22. b4 Nb8 23. Ndb5 a6 24. Na7+ Kd8 25. c5 Nf4 26. Bf1 g4 27. cxd6 Bxd6
28. Bxh4+ Be7 29. Bg3 Nh5 30. Bf2 gxf3 31. Ne4 fxg2 32. Bc4 Nf4 33. Bg3 Nh3+
34. Kxg2 f5 35. d6 cxd6 36. Nxd6 Bxd6 37. Rxe8+ Rxe8 38. Bxd6 Re4 39. Bxb8 Rxc4
40. Kxh3 Rc3+ 41. Kg2 Rxa3 42. h4 Ke8 43. h5 f4 44. Bxf4 Bf5 45. Re1+ Kf7 46.
Bg5 Rh3 47. Re7+ Kf8 48. Re5 Bg4 49. h6 Kg8 50. Nc8 1-0

[Event "Open A"]
[Site "Venezia ITA"]
[Date "1996.11.??"]
[Round "5"]
[White "Cristiani, Cesare"]
[Black "Mosca, Leonildo"]
[Result "0-1"]
[WhiteElo "2025"]
[BlackElo "1948"]
[PlyCount "74"]
[EventDate "1996.11.01"]

1. f4 d5 2. Nf3 Nf6 3. g3 g6 4. Bg2 Bg7 5. O-O O-O 6. d3 Nc6 7. c3 Qd6 8. Na3
a6 9. Qe1 e5 10. fxe5 Nxe5 11. Nxe5 Qxe5 12. Bf4 Qe7 13. Qd2 Bf5 14. Rae1 Rad8
15. Nc2 Rfe8 16. Nd4 Bc8 17. Bg5 Qd6 18. Nf3 Bg4 19. Kh1 Qb6 20. Qf4 Qd6 21.
Qc1 c5 22. Ng1 Rd7 23. Bf4 Qb6 24. h3 Be6 25. g4 d4 26. c4 Rdd8 27. Bg5 Bc8 28.
Qf4 Rd6 29. Nf3 Qd8 30. Nd2 Qd7 31. Rf2 h5 32. Ref1 hxg4 33. Bd5 Rxd5 34. Bxf6
Rf5 35. Qxg4 Qc6+ 36. Ne4 Rxf2 37. Rxf2 Bxg4 0-1

[Event "Open A"]
[Site "Venezia ITA"]
[Date "1996.11.??"]
[Round "5"]
[White "Ferretti, Folco"]
[Black "Simoli, Sergio"]
[Result "1-0"]
[WhiteElo "2290"]
[BlackElo "2168"]
[PlyCount "41"]
[EventDate "1996.11.01"]

1. e4 d6 2. d4 Nf6 3. Nc3 Nbd7 4. Nf3 e5 5. Bc4 Be7 6. O-O O-O 7. a4 c6 8. Qe2
h6 9. h3 Re8 10. dxe5 Nxe5 11. Nxe5 dxe5 12. Be3 Qa5 13. f4 exf4 14. Bxf4 Bc5+
15. Kh1 Bd4 16. Bxf7+ Kxf7 17. Qc4+ Be6 18. Qxd4 Rad8 19. Qf2 Bc4 20. Rfe1 Kg6
21. Qg3+ 1-0

[Event "Open A"]
[Site "Venezia ITA"]
[Date "1996.11.??"]
[Round "5"]
[White "Giuriati, Paolo"]
[Black "Redo, Nicola"]
[Result "1/2-1/2"]
[WhiteElo "2131"]
[BlackElo "2190"]
[PlyCount "55"]
[EventDate "1996.11.01"]

1. d4 Nf6 2. Nf3 g6 3. c4 Bg7 4. Nc3 d6 5. e4 O-O 6. Be2 c6 7. h3 a6 8. a4 a5
9. O-O Na6 10. Be3 e5 11. d5 c5 12. Nd2 Nd7 13. Ra3 f5 14. exf5 gxf5 15. f4 Qe7
16. Nf3 Bh6 17. Qd2 e4 18. Nh2 Kh8 19. Kh1 Bg7 20. Rg1 Nf6 21. Raa1 Nb4 22. g3
Bd7 23. Rg2 h6 24. Rf1 Rg8 25. g4 Raf8 26. g5 Nh7 27. h4 Rc8 28. Rfg1 1/2-1/2

[Event "Open A"]
[Site "Venezia ITA"]
[Date "1996.11.??"]
[Round "5"]
[White "Guid, Matej"]
[Black "Bianchi, Andrea"]
[Result "1/2-1/2"]
[WhiteElo "2155"]
[BlackElo "2012"]
[PlyCount "55"]
[EventDate "1996.11.01"]

1. e4 e5 2. Nf3 Nf6 3. Nxe5 d6 4. Nf3 Nxe4 5. d4 d5 6. Bd3 Nc6 7. O-O Bg4 8.
Re1 Be7 9. c3 f5 10. Nbd2 O-O 11. Qb3 Kh8 12. Be2 Rf6 13. h3 Bh5 14. Ne5 Bxe2
15. Nxc6 Rxc6 16. Rxe2 Rb6 17. Qc2 Rg6 18. Nf3 Bd6 19. b3 c6 20. c4 Qf6 21. a4
Rd8 22. Kh1 Kg8 23. cxd5 cxd5 24. Ba3 Bxa3 25. Rxa3 Qe7 26. Ra1 Rc6 27. Qd3 a6
28. Rae1 1/2-1/2